1636 1124 1555 1235 1237 1121 1648 1818 1188 1517 1056 1388 1589 1835 1516 1436 1349 1852 1410 1896 1131 1210 1109 1684 1886 1557 1935 1356 1040 1873 1139 1708 1870 1393 1646 1927 1305 1556 1165 1712 1441 1994 1213 1899 1541 1811 1080 1168 1077 1229 1850 1501 1294 1569 1296 1511 1549 1112 1856 1016 1783 1076 1345 1813 1806 1147 1199 1810 1705 1953 1660 1737 1969 1973 1860 1220 1816 1505 1541 1584 1360 1001 1379 1052 1190 1083 1470 1060 1670 1263 1020 1171 1780 1997 1994 1667 1311 1914 1479 BCNSPRNW ULIB Ver.6.0+V

เปลี่ยนเป็นภาษาไทย

Change to English
 แสดงรายละเอียดบรรณานุกรม
  กลับหน้าหลัก

Brief Record : Get Marc (ISO 2709) : E-mail record : QR code < ปิดหน้าต่าง
LEADER : 00000nam 2200000uu 4500
001    13399111877
003     ULIB
008    110627s2552||||th 000 0 tha d
020    9789742126971
090    นว.^bว918G 2552
100 0  เวสต์ แคลร์
245 00 Gulliver s Travels กัลลิเวอร์ผจญภัยสุดขอบโลก/^cเวสต์ แคลร์
250    พิมพ์ครั้งที่ 1
260    กรุงเทพฯ :^bซีเอ็ดยูเคชั่น,^c2552
300    104 หน้า
945    ^p105^l0^i028469
995    ทศพร
999 ^a ใช้งานได้ทุกระบบ
รายการนี้ยังไม่มีแท็ก
คุณยังไม่ได้ล็อกอิน คุณสามารถมีกิจกรรมร่วมกับเว็บไซต์ได้ แต่ต้องล็อกอินก่อน ::
  ล็อกอิน

รายการสื่อสารสนเทศ

ลำดับที่ ประเภท เลขเรียก/บาร์โค้ด สถานที่ สถานะ
- ไม่พบข้อมูล -

รายการใกล้เคียง
    ผู้แต่ง [เวสต์ แคลร์]

BibComment


ยังไม่เคยถูกคอมเมนท์

คอมเมนท์ทรัพยากรรายการนี้
  คอมเมนท์: Gulliver s Travel..


 Copyright 2026. Bcnsprnw @Library